000 00656nam a2200229Ia 4500
003 OSt
005 20220923230401.0
006 a|||||r|||| 00| 0
007 ta
008 Pun
024 _a280,094
037 _cTextual
040 _aARTS
_cARTS
_bPun
041 _2Pun
_aPun
082 _aO153,2N18,BT, N6
100 _aਗਾਰਗੀ, ਬਲਵੰਤ
_9156290
245 0 _aਬਲਦੇ ਟਿੱਬੇ
260 _aਨਵੀਜ਼ ਦਿੱਲੀ
_b ਨਵਯੁਗ ਪਬਲਿFਰਗ਼
_c1996
300 _a79ਪੰ
_ccm.
942 _hO153,2N18,BT, N6
_cTEXL
_2CC
999 _c384435
_d384435